LEADER 04894oam 2200673I 450 001 9910451741003321 005 20210421231452.0 010 $a1-136-90332-1 010 $a0-203-84209-X 024 7 $a10.4324/9780203842096 035 $a(CKB)2550000000098294 035 $a(EBL)956887 035 $a(OCoLC)798532411 035 $a(SSID)ssj0000679027 035 $a(PQKBManifestationID)11404904 035 $a(PQKBTitleCode)TC0000679027 035 $a(PQKBWorkID)10609180 035 $a(PQKB)11240709 035 $a(MiAaPQ)EBC956887 035 $a(Au-PeEL)EBL956887 035 $a(CaPaEBR)ebr10545524 035 $a(CaONFJC)MIL506394 035 $a(OCoLC)786447053 035 $a(EXLCZ)992550000000098294 100 $a20180706d2012 uy 0 101 0 $aeng 135 $aur|n|---||||| 181 $ctxt 182 $cc 183 $acr 200 00$aRoutledge handbook of body studies /$fedited by Bryan S. Turner 210 1$aAbingdon, Oxon ;$aNew York, N.Y. :$cRoutledge,$d2012. 215 $a1 online resource (428 p.) 225 1 $aRoutledge International Handbooks 300 $aDescription based upon print version of record. 311 $a1-138-08011-X 311 $a0-415-59355-7 320 $aIncludes bibliographical references and index. 327 $aFront Cover; Routledge Handbook of Body Studies; Copyright Page; Contents; Editorial Board; List of contributors; Introduction: The Turn of the Body: Bryan S. Turner; Body, Self and Society; 1. Simone de Beauvoir and Binaries of the Body: Mary Evans; 2. Pragmatism's Embodied Philosophy: From Immediate Experience to Somaesthetics: Richard Shusterman; 3. Norbert Elias and the Body: Mike Atkinson; 4. Embodied Practice: Martin Heidegger, Pierre Bourdieu and Michel Foucault: Bryan S. Turner; 5. My Multiple Sick Bodies: Symbolic Interactionism, Autoethnography and Embodiment: Ken Plummer 327 $a6. Feminist Theory: Bodies, Science and Technology: Patricia Ticineto Clough7. Foucault's Body: Nikki Sullivan; What is a Body?; 8. Layers or Versions? Human Bodies and the Love of Bitterness: Annemarie Mol; 9. Phenomenology and the Body: Nick Crossley; 10. Social Constructionism and the Body: Darin Weinberg; 11. From Embodied Regulations to Hybrid Ontologies: Questioning: Stratos Naneglou; 12. Social Brains, Embodiment and Neuro-Interactionism: Victoria Pitts-Taylor; Religion and the Body 327 $a13. Relics of Faith: Fleshly Desires, Ascetic Disciplines and Devotional Affect in the Transnational Sathya Sai Movement: Tulasi Srinivas14. The Body and the Veil: Sonja van Wichelen; 15. Recomposing Decimated Bodies: Nurit Stadler; Medical Regimes and the Body; 16. Death Signals Life: A Semiotics of the Corpse: Lianna Hart and Stefan Timmermans; 17. Beyond the Anorexic Paradigm: Re-Thinking 'Eating' Disorders: Susan Bordo; 18. Disability, Impairment and the Body: Christopher A. Faircloth; 19. The Body, Social Inequality and Health: Kevin White 327 $a20. Health and the Embodiment of the Life Course: Jenny Hockey and Allison JamesGender, Sexualities and Race; 21. Chinese Male Bodies: A Transnational Study of Masculinity and Sexuality: Travis S. K. Kong; 22. Male Bodies, Masculine Bodies, Men's Bodies: The Need for a Concept of Gex: Jeff Hearn; 23. Racialized Bodies: Maxine Leeds Craig; Technologies and Body Modification; 24. Getting Work Done: Cosmetic Surgery as Constraint, as Commodity, as Commonplace: Heather Laine Talley; 25. Modified Bodies: Texts, Projects and Process: Paul Sweetman 327 $a26. Questions of Life and Death: A Genealogy: Tiago Moreira and Paolo Palladino27. Rejecting the Aging Body: Alex Dumas; 28. Conclusion: The Varieties of My Body: Pain, Ethics and Illusio: Arthur W. Frank; Index 330 $aIn the last three decades, the human body has gained increasing prominence in contemporary political debates, and it has become a central topic of modern social sciences and humanities. Modern technologies - such as organ transplants, stem-cell research, nanotechnology, cosmetic surgery and cryonics - have changed how we think about the body. In this collection of thirty original essays by leading figures in the field, these issues are explored across a number of theoretical and disciplinary perspectives, including pragmatism, feminism, queer theory, post-modernism, post-human 410 0$aRoutledge International Handbooks 606 $aHuman body$xSocial aspects 606 $aHuman body in popular culture 608 $aElectronic books. 615 0$aHuman body$xSocial aspects. 615 0$aHuman body in popular culture. 676 $a306.4/613 701 $aTurner$b Bryan S$0125145 801 0$bMiAaPQ 801 1$bMiAaPQ 801 2$bMiAaPQ 906 $aBOOK 912 $a9910451741003321 996 $aRoutledge handbook of body studies$92072244 997 $aUNINA LEADER 03537nam 22008055 450 001 9910483888003321 005 20251226203355.0 010 $a3-642-38171-5 024 7 $a10.1007/978-3-642-38171-3 035 $a(CKB)3280000000007631 035 $a(DE-He213)978-3-642-38171-3 035 $a(SSID)ssj0000904585 035 $a(PQKBManifestationID)11563883 035 $a(PQKBTitleCode)TC0000904585 035 $a(PQKBWorkID)10921274 035 $a(PQKB)10062638 035 $a(MiAaPQ)EBC3093179 035 $a(PPN)169140865 035 $a(EXLCZ)993280000000007631 100 $a20130413d2013 u| 0 101 0 $aeng 135 $aurnn#008mamaa 181 $ctxt$2rdacontent 182 $cc$2rdamedia 183 $acr$2rdacarrier 200 10$aIntegration of AI and OR Techniques in Constraint Programming for Combinatorial Optimization Problems $e10th International Conference, CPAIOR 2013, Yorktown Heights, NY, USA, May 18-22, 2013. Proceedings /$fedited by Carla Gomes, Meinolf Sellmann 205 $a1st ed. 2013. 210 1$aBerlin, Heidelberg :$cSpringer Berlin Heidelberg :$cImprint: Springer,$d2013. 215 $a1 online resource (XII, 403 p. 74 illus.) 225 1 $aTheoretical Computer Science and General Issues,$x2512-2029 ;$v7874 300 $aBibliographic Level Mode of Issuance: Monograph 311 08$a3-642-38170-7 330 $aThis volume is a compilation of the research program of the 10th International Conference on the Integration of Artificial Intelligence (AI) and Operations Research (OR) Techniques in Constraint Programming, CPAIOR 2013, held at Yorktown Heights, NY, USA, in May 2013. This volume contains 20 full papers and 11 short papers that were carefully reviewed and selected from 71 submissions. The papers focus on new techniques or applications in the intersection of constraint programming (CP), artificial intelligence (AI) and operations research (OR). 410 0$aTheoretical Computer Science and General Issues,$x2512-2029 ;$v7874 606 $aNumerical analysis 606 $aComputer science$xMathematics 606 $aDiscrete mathematics 606 $aAlgorithms 606 $aArtificial intelligence 606 $aOperations research 606 $aManagement science 606 $aNumerical Analysis 606 $aMathematical Applications in Computer Science 606 $aDiscrete Mathematics in Computer Science 606 $aAlgorithms 606 $aArtificial Intelligence 606 $aOperations Research, Management Science 615 0$aNumerical analysis. 615 0$aComputer science$xMathematics. 615 0$aDiscrete mathematics. 615 0$aAlgorithms. 615 0$aArtificial intelligence. 615 0$aOperations research. 615 0$aManagement science. 615 14$aNumerical Analysis. 615 24$aMathematical Applications in Computer Science. 615 24$aDiscrete Mathematics in Computer Science. 615 24$aAlgorithms. 615 24$aArtificial Intelligence. 615 24$aOperations Research, Management Science. 676 $a658.53 702 $aGomes$b Carla$4edt$4http://id.loc.gov/vocabulary/relators/edt 702 $aSellmann$b Meinolf$4edt$4http://id.loc.gov/vocabulary/relators/edt 801 0$bMiAaPQ 801 1$bMiAaPQ 801 2$bMiAaPQ 906 $aBOOK 912 $a9910483888003321 996 $aIntegration of AI and OR Techniques in Constraint Programming for Combinatorial Optimization Problems$9771927 997 $aUNINA